| 000 | 00701nam a22002057a 4500 | ||
|---|---|---|---|
| 003 | NUST-PNEC | ||
| 005 | 20170116180655.0 | ||
| 008 | 140823b xxu||||| |||| 00| 0 eng d | ||
| 020 | _a0849338999 | ||
| 040 | _cPNEC | ||
| 082 | _a621.402 CAP | ||
| 100 |
_9224 _aCapehart, Barney L. |
||
| 245 |
_aGuide to energy management _c Barney L. Capehart |
||
| 250 | _a5th ed. | ||
| 260 |
_aUnited States of America _bThe Fairmont Press, Inc _cc.2006 |
||
| 300 |
_aviii, 557 p. _bill. : _c24 cm. |
||
| 500 | _aIncludes Index http://www.amazon.com/Guide-Energy-Management-Barney-Capehart/dp/0849338999/ref=sr_1_1?s=books&ie=UTF8&qid=1408777020&sr=1-1&keywords=0849338999 | ||
| 651 | _xIME | ||
| 942 |
_2ddc _cBK |
||
| 999 |
_c60365 _d60365 |
||